Cultures, sensibilités et société dans la France d'Ancien Régime (notice n° 1925172)

détails MARC
000 -LEADER
fixed length control field 01147cam a2200133 4500500
005 - DATE AND TIME OF LATEST TRANSACTION
control field 20260329023149.0
041 ## - LANGUAGE CODE
Language code of text/sound track or separate title fre
042 ## - AUTHENTICATION CODE
Authentication code dc
100 10 - MAIN ENTRY--PERSONAL NAME
Personal name Milliot, Vincent
Relator term author
245 00 - TITLE STATEMENT
Title Cultures, sensibilités et société dans la France d'Ancien Régime
260 ## - PUBLICATION, DISTRIBUTION, ETC.
Name of publisher, distributor, etc. Armand Colin,<br/>
Date of publication, distribution, etc. 2004.<br/>
520 ## - SUMMARY, ETC.
Summary, etc. Cet ouvrage propose de définir les principales déterminations culturelles de la France d'Ancien Régime. Il décrit la « religion ordinaire » et les croyances, les gestes qui accompagnent les grands moments de l'existence : la naissance, le mariage et la mort. Il dépeint les différentes formes de la sociabilité, les contraintes du labeur quotidien et la fragilité de la vie. Il prend en compte le choc des réformes religieuses et les effets de la diffusion de la Réforme catholique, le développement de l'imprimé, les transformations de la culture matérielle… Autant de mutations qui modifient les « sensibilités » de Français de la Renaissance aux Lumières.
856 41 - ELECTRONIC LOCATION AND ACCESS
Uniform Resource Identifier <a href="https://shs.cairn.info/cultures-sensibilites-et-societe-france-ancien-reg--9782200340681?lang=fr&redirect-ssocas=7080">https://shs.cairn.info/cultures-sensibilites-et-societe-france-ancien-reg--9782200340681?lang=fr&redirect-ssocas=7080</a>

Pas d'exemplaire disponible.

PLUDOC

PLUDOC est la plateforme unique et centralisée de gestion des bibliothèques physiques et numériques de Guinée administré par le CEDUST. Elle est la plus grande base de données de ressources documentaires pour les Étudiants, Enseignants chercheurs et Chercheurs de Guinée.

Adresse

627 919 101/664 919 101

25 boulevard du commerce
Kaloum, Conakry, Guinée

Réseaux sociaux

Powered by Netsen Group @ 2025